| 000 | 00448nam a22001697a 4500 | ||
|---|---|---|---|
| 003 | CEME | ||
| 005 | 20210628210323.0 | ||
| 008 | 210201b xxu||||| |||| 00| 0 eng d | ||
| 040 | _c. | ||
| 082 | _a297.7 SHA | ||
| 100 |
_aIqbal Ahmed Noori _978975 |
||
| 245 | _aShama-e-shabistan-e-raza mokamal | ||
| 260 |
_aLAHORE _bMUSHTAQ BOOK CORNER _c2002 |
||
| 300 | _a7VOLS | ||
| 650 |
_aISLAM-SHAMA-E-SHABISTAN-E-RAZA MOKAMAL _978976 |
||
| 942 |
_cBK _2ddc |
||
| 999 |
_c584047 _d584047 |
||